Normal view
MARC view
Entry Personal Name
001 - CONTROL NUMBER
- control field: 30358
003 - CONTROL NUMBER IDENTIFIER
- control field: ARRUPE
005 - DATE AND TIME OF LATEST TRANSACTION
- control field: 20170503112755.0
008 - FIXED-LENGTH DATA ELEMENTS
- fixed length control field: 170503|| aca||aabn | a|a d
040 ## - CATALOGING SOURCE
- Original cataloging agency: ARRUPE
- Transcribing agency: ARRUPE
100 ## - HEADING--PERSONAL NAME
- Personal name: Machel, Samora,
- Dates associated with a name: 1933-1986.
670 ## - SOURCE DATA FOUND
- Source citation: Work cat.: (ARRUPE)21842: Christie, Iain. 30357, Machel of Mozambique /, 1988.